01020nam a2200241 i 450000100060000000300090000600500170001500700030003200800410003502000180007608000240009408000240011811101040014224500740024626000980032030000260041850400200044465000670046471000750053185200330060699900170063995201220065610108ES-MaACL20250830011646.0t|950213s1988 sp ||||1| spa d a84-85646-32-0 a657.6:621-52(061.3) a621-52(061.3):657.62 aCongreso Iberoamericano de Informática y Auditoría (n1º. d1987.cSan Juan, Puerto Rico)939210aI Congreso Iberoamericano de Informática y Auditoría b: [actas]. aMadrid : bCREI, Centro Regional del IBI para la Enseñanza de la Informática,cD.L. 1988. aIV, 513 p. ; c25 cm. aBibliografía.14aAuditoría-xProceso de datos-vCongresos y asambleas.9104162 aCentro Regional para la Enseñanza de la Informática (Madrid)92784 aES-MaACLjL-17602 bR.121247 c10108d10108 00104070aATENEOMbATENEOMcDEPO2d2008-01-17eSCl0oL-17602p1010317r2023-02-23 00:00:00w2023-02-23yMONOGRAFIA